000 00293nam a2200121Ia 4500
999 _c6787
_d6787
008 200302s9999 xx 000 0 und d
100 _a Salingaros, Nikos Angelos
245 _aAnti-architecture and deconstruction
260 _bUmbau. Verlag
260 _c2008
300 _a200
942 _2ddc